000 00906nam a2200289 i 4500
003 EG-GICUC
005 20260307070804.0
008 260307s1919 -uk ||fr|||| 001 0 eng d
040 _aEG-GiCUC
_beng
_cEG-GiCUC
_dEG-GiCUC
_erda
041 1 _aeng
_hger
082 0 4 _221
_a341.22
_bOP . L
092 0 4 _221
099 _aLaw1 11 341.22 OP . L 1919
100 1 _aOppenheim, L
_eAuthor.
245 1 4 _aThe League Of Nations And Its Problems :
_bThree Lectures /
_cBy L. Oppenheim, M.a.
264 1 _aLondon :
_bLongmans, Green And Co,
_c1919.
300 _a84 pages,
_c24 cm
336 _2rda content
_atext
337 _2rda media
_aComputer
338 _2rda carrier
_aOnline Resource
500 _aIncludes index.
546 _aText in English
650 1 4 _aPublic international law
856 4 0 _uhttps://fll.law.cu.edu.eg/fulltext/bks/B11-08335.pdf
905 _a48
942 _2ddc
_cBK
_e21
_n0
999 _c65538
_d65538